000 01050nam0a22002531 4500
001 rc\3059359
005 20250806202541.0
035 _a(NLR Aleph) 007198195
090 _a51751
_c51751
100 _a20111012d1942 u y0rusy50 ca
101 0 _arus
102 _aRU
105 _ay z |||||
200 1 _aРабота политико-просветительных учреждений в условиях военного времени
_eИнструментальный материал для клубов, б-к, изб-читален, домов культуры
_fУпр. политпросветработы НКП РСФСР
210 _aМосква
_cБибл.-библиогр. изд-во
_d1942
215 _a24 с.
_d21 см
712 0 1 _aРСФСР
_bУправление политпросветработы
_4570
801 0 _aRU
_bNLR
_gpsbo
801 1 _aRU
_bELAR
_2rusmarc
852 _aNLR
_j69-6/3892
942 _cBOOK
945 _aРоссийская национальная библиотека
980 _aNB
980 _aBV